| 000 | 00931nam a22003012 4500 | ||
|---|---|---|---|
| 001 | 75085 | ||
| 003 | BD-RjUL | ||
| 005 | 20211209082637.0 | ||
| 008 | 190119s1971 njuabd b 000 0 eng c | ||
| 035 | _aOCLC ocm01249833 from D971010M | ||
| 035 | _a(BD-RjUL)75303 | ||
| 040 |
_aDLC/ICU _cCGU _dUKM _dEQO _dBD-RjUL _beng |
||
| 041 | _aeng | ||
| 082 | 0 |
_223 _a550 _bORE 1971 |
|
| 100 | 1 |
_aOrdway, Richard J. _q(Richard John), _d1918- _9227079 |
|
| 245 | 1 | 0 |
_aEarth science / _c[by] Richard J. Ordway. |
| 260 |
_aPrinceton, N.J. : _bVan Nostrand, _c1966 |
||
| 300 |
_axiv, 705 p. _billus. (part col.) charts, maps. _c25 cm. |
||
| 490 | 1 | _aUniversity series in geology | |
| 504 | _aBibliography: p. 691-694. | ||
| 650 | 0 |
_aEarth sciences. _9227080 |
|
| 650 | 0 |
_aAstronomy. _9227081 |
|
| 830 | 0 |
_aUniversity series in geology _9227320 |
|
| 942 |
_2ddc _cBK |
||
| 999 |
_c75085 _d75085 |
||